Pays où Lidl est impantés - Statistiques

Statistiques générales
  • Ce quiz a été pris 297 fois
  • Le résultat moyen est 23 sur 29
Statistiques - réponses
Numéro Pays % Correct
11 France
100%
1 Allemagne
99%
8 Espagne
97%
15 Italie
95%
3 Belgique
93%
23 Portugal
92%
29 Suisse
92%
25 Royaume-Uni
91%
22 Pologne
87%
28 Suède
86%
2 Autriche
84%
7 Danemark
84%
10 Finlande
84%
21 Pays-Bas
84%
20 Norvège
83%
18 Luxembourg
82%
12 Grèce
79%
14 Irlande
78%
6 Croatie
76%
13 Hongrie
76%
24 Roumanie
76%
26 Slovaquie
74%
27 Slovénie
74%
9 Estonie
72%
17 Lituanie
72%
4 Bulgarie
70%
16 Lettonie
70%
19 Malte
50%
5 Chypre
44%
Aucun quiz correspondant
Distribution des résultats
% des personnes avec chaque résultat
Percentile par nombre de réponses
Votre historique - résultats
Vous n’avez pas pris ce quiz